| 000 | 01791nam a2200253 a 4500 | ||
|---|---|---|---|
| 001 | 83215 | ||
| 003 | BD-RjUL | ||
| 005 | 20240304104913.0 | ||
| 008 | 240304s2007 bg a|||| m||| 00| 0 ben d | ||
| 035 | _a(BD-RjUL)83215 | ||
| 040 |
_aBD-RjUL _bben / eng _cBD-RjUL _dBD-RjUL |
||
| 041 | _aben | ||
| 082 |
_223 _a362.83 _bBAM 2007 |
||
| 100 |
_aবানু, সেলিনা _912043 |
||
| 245 | 1 | 0 |
_aমহিলা কল্যাণে সরকারী ও বেসরকারী প্রতিষ্ঠানের ভূমিকা : _bচারঘাট উপজেলা মহিলা বিষয়ক অধিদপ্তর ও থানাপাড়া সোয়ালোজ ডেভেলপমেন্ট সোসাইটির একটি তুলনামূলক পর্যালোচনা / _cগবেষক সেলিনা বানু ; _6গবেষণা তত্ত্বাবধায়ক : মো. আবদুল হালিম |
| 260 |
_aরাজশাহী : _bসমাজকর্ম বিভাগ, রাজশাহী বিশ্ববিদ্যালয়, _c২০০৭ |
||
| 300 |
_axxiii, ২৮১ পাতা : _bচিত্র ; _c২৯ সেমি. |
||
| 502 | _aথিসিস (পিএইচ. ডি.) -- সমাজকর্ম বিভাগ, রাজশাহী বিশ্ববিদ্যালয়, ২০০৭ | ||
| 504 | _aতথ্য নির্দেশিকা : পাতা ২৬৭-২৮২ | ||
| 650 |
_aসমাজকর্ম _vমহিলা কল্যাণ _912044 |
||
| 650 |
_aSocial Works _vWomen Welfare _912045 |
||
| 700 |
_aহালিম, মো. আবদুল, গবেষণা তত্ত্বাবধায়ক _912046 |
||
| 942 |
_2ddc _cTHE |
||
| 999 |
_c83215 _d83215 |
||